<?xml version="1.0" encoding="UTF-8"?>
<record
    xmlns:xsi="http://www.w3.org/2001/XMLSchema-instance"
    xsi:schemaLocation="http://www.loc.gov/MARC21/slim http://www.loc.gov/standards/marcxml/schema/MARC21slim.xsd"
    xmlns="http://www.loc.gov/MARC21/slim">

  <leader>00799nam a22001937a 4500</leader>
  <controlfield tag="005">20210917124312.0</controlfield>
  <controlfield tag="008">210917b          fr|||| |||| 00| 0 fra d</controlfield>
  <datafield tag="050" ind1="0" ind2="4">
    <subfield code="a">B3279.H94 </subfield>
    <subfield code="b">W34 1953</subfield>
  </datafield>
  <datafield tag="100" ind1="1" ind2=" ">
    <subfield code="a">Waelhens, Alphonse de</subfield>
  </datafield>
  <datafield tag="245" ind1=" " ind2=" ">
    <subfield code="a">Ph&#xE9;nom&#xE9;nologie et v&#xE9;rit&#xE9; :</subfield>
    <subfield code="b">essai sur l'&#xE9;volution de l'id&#xE9;e de v&#xE9;rit&#xE9; chez Husserl et Heidegger / </subfield>
    <subfield code="c">[Alphonse] de Waelhens, ; traducci&#xF3;n Avec Walter Biemel</subfield>
  </datafield>
  <datafield tag="246" ind1=" " ind2=" ">
    <subfield code="a">Fenomenolog&#xED;a y verdad: </subfield>
    <subfield code="b">un ensayo sobre la evoluci&#xF3;n de la idea de la verdad en Husserl y Heidegger</subfield>
  </datafield>
  <datafield tag="250" ind1=" " ind2=" ">
    <subfield code="a">primera edici&#xF3;n</subfield>
  </datafield>
  <datafield tag="260" ind1=" " ind2=" ">
    <subfield code="a">Paris ; </subfield>
    <subfield code="b">Presses Universitaires de France </subfield>
    <subfield code="c">1953</subfield>
  </datafield>
  <datafield tag="300" ind1=" " ind2=" ">
    <subfield code="a">166 . ; </subfield>
    <subfield code="c">19 cm.</subfield>
  </datafield>
  <datafield tag="440" ind1=" " ind2=" ">
    <subfield code="a">&#xC9;pim&#xE9;th&#xE9;e, Essais Philosophiques</subfield>
  </datafield>
  <datafield tag="650" ind1=" " ind2=" ">
    <subfield code="a">Existentialism.</subfield>
  </datafield>
  <datafield tag="700" ind1=" " ind2=" ">
    <subfield code="a">Biemel,  Avec Walter </subfield>
    <subfield code="e">tr.</subfield>
  </datafield>
  <datafield tag="942" ind1=" " ind2=" ">
    <subfield code="2">lcc</subfield>
    <subfield code="c">LIB</subfield>
  </datafield>
  <datafield tag="999" ind1=" " ind2=" ">
    <subfield code="c">157620</subfield>
    <subfield code="d">157618</subfield>
  </datafield>
  <datafield tag="952" ind1=" " ind2=" ">
    <subfield code="1">0</subfield>
    <subfield code="2">lcc</subfield>
    <subfield code="4">0</subfield>
    <subfield code="7">1</subfield>
    <subfield code="a">LIC-020</subfield>
    <subfield code="b">LIC-020</subfield>
    <subfield code="c">FLV</subfield>
    <subfield code="d">2021-09-17</subfield>
    <subfield code="f">1a ed.</subfield>
    <subfield code="k">EH</subfield>
    <subfield code="l">0</subfield>
    <subfield code="o">B3279.H94 W34 1953</subfield>
    <subfield code="p">BFF000035079</subfield>
    <subfield code="r">2021-09-17 00:00:00</subfield>
    <subfield code="t">C.1</subfield>
    <subfield code="v">1.00</subfield>
    <subfield code="y">LIB</subfield>
  </datafield>
</record>
